000
00280nam a2200133Ia 4500
100
_a
Dauilevsky/V
942
_c
BK
654
_a
Engineering
245
_a
Manufacturing Engineering
260
_b
Mir Publishers
_a
Moscow
082
_a
621.9
300
_a
550
546
_a
ENGLISH
999
_c
20444
_d
20444